000
00207nam a22001217a 4500
040
_c
HS
082
_a
641
100
_a
NA
245
_a
Les viandes
260
_a
NA
_b
NA
_c
NA
300
_a
214p;
942
_c
FB
999
_c
9253
_d
9253